[Event "BCF-chT2 0607 (4NCL)"]
[Site "Sunningdale"]
[Date "2006.09.16"]
[Round "1.5"]
[White "Eckersley Waites, Adam"]
[Black "Buckley, Melanie"]
[Result "1-0"]
[WhiteElo "2147"]
[BlackElo "2135"]
[PlyCount "77"]
[EventDate "2006.09.16"]
[EventType "team"]
[EventRounds "11"]
[EventCountry "ENG"]
[SourceTitle "CBM 115 Extra"]
[Source "ChessBase"]
[SourceDate "2007.01.10"]
[SourceVersion "1"]
[SourceVersionDate "2007.01.10"]
[SourceQuality "1"]
[WhiteTeam "Cambridge"]
[BlackTeam "Hilsmark Kingfisher II"]
[WhiteTeamCountry "ENG"]
[BlackTeamCountry "ENG"]

1. e4 e6 2. d4 d5 3. Nc3 Bb4 4. e5 c5 5. a3 Bxc3+ 6. bxc3 Ne7 7. Qg4 Kf8 8. Bd3 b6 9. h4 Ba6 10. h5 h6 11. Bxa6 Nxa6 12. Qd1 Rc8 13. Bd2 Nb8 14. g4 Qc7 15. Rc1 Nbc6 16. Ne2 Na5 17. 0-0 Nc4 18. f4 Qd7 19. Ng3 Nc6 20. f5 Nb2 21. Qe1 Nc4 22. Qf2 Nxd2 23. Qxd2 Na5 24. Ne2 Rc6 25. Qd3 exf5 26. gxf5 Qe7 27. Rf2 Nc4 28. Rg2 cxd4 29. cxd4 Qxa3 30. c3 Rg8 31. Qf3 Qe7 32. Qxd5 Rc8 33. Qf3 b5 34. f6 gxf6 35. Rxg8+ Kxg8 36. Qg4+ Kh7 37. Qf5+ Kg7 38. Qxc8 fxe5 39. Qg4+ 1-0

[Event "BCF-chT3 0506 (4NCL)"]
[Site "Birmingham"]
[Date "2005.11.20"]
[Round "4.6"]
[White "Buckley, Melanie"]
[Black "Howell, Chris I"]
[Result "1-0"]
[WhiteElo "2147"]
[BlackElo "2147"]
[PlyCount "83"]
[EventDate "2005.10.22"]
[EventType "team"]
[EventRounds "11"]
[EventCountry "ENG"]
[SourceTitle "EXT 2007"]
[Source "ChessBase"]
[SourceDate "2006.11.23"]
[SourceVersion "1"]
[SourceVersionDate "2006.11.23"]
[SourceQuality "1"]
[WhiteTeam "Hilsmark Kingfisher II"]
[BlackTeam "Mindsports"]
[WhiteTeamCountry "ENG"]
[BlackTeamCountry "ENG"]

1. e4 c5 2. Nc3 Nc6 3. f4 g6 4. Nf3 Bg7 5. Bb5 Nd4 6. 0-0 Nxb5 7. Nxb5 a6 8. Nc3 b5 9. Qe1 Bb7 10. d3 d5 11. e5 e6 12. d4 cxd4 13. Nxd4 Ne7 14. Be3 h5 15. Nce2 Rc8 16. a4 bxa4 17. Rxa4 Rc4 18. Ra1 Nf5 19. Nxf5 gxf5 20. c3 d4 21. Nxd4 Qd5 22. Qe2 h4 23. h3 Bf8 24. Nf3 Re4 25. b4 Qc6 26. Rac1 Be7 27. Qd2 Rg8 28. Rc2 Rc4 29. Rf2 Qc8 30. Kh2 Be4 31. Rc1 Rg3 32. Ng5 Bb7 33. Nh7 Qc6 34. Rc2 Rg7 35. Nf6+ Bxf6 36. exf6 Rg6 37. Bd4 Qd5 38. Qe2 Rh6 39. Rd2 Qc6 40. Bc5 Rxf6 41. Qxc4 Rg6 42. Qd4 1-0

[Event "BCF-chT3 0506 (4NCL)"]
[Site "Birmingham"]
[Date "2005.10.23"]
[Round "2.8"]
[White "Buckley, Melanie"]
[Black "Sirisena, Chantal"]
[Result "1/2-1/2"]
[WhiteElo "2145"]
[BlackElo "1939"]
[PlyCount "45"]
[EventDate "2005.10.22"]
[EventType "team"]
[EventRounds "11"]
[EventCountry "ENG"]
[SourceTitle "EXT 2007"]
[Source "ChessBase"]
[SourceDate "2006.11.23"]
[SourceVersion "1"]
[SourceVersionDate "2006.11.23"]
[SourceQuality "1"]
[WhiteTeam "Hilsmark Kingfisher II"]
[BlackTeam "Poisoned Pawns"]
[WhiteTeamCountry "ENG"]
[BlackTeamCountry "ENG"]

1. e4 c5 2. Nc3 Nc6 3. g3 g6 4. Bg2 Bg7 5. d3 d6 6. Be3 e5 7. Qd2 Be6 8. f4 Nge7 9. Nf3 Nd4 10. 0-0 0-0 11. Rae1 f6 12. a3 Rc8 13. Ne2 d5 14. fxe5 Nxf3+ 15. Bxf3 fxe5 16. exd5 Nxd5 17. Bg5 Qd7 18. c4 Nb6 19. Nc3 Bf5 20. Be4 Bxe4 21. Rxf8+ Rxf8 22. Nxe4 Qc7 23. Rf1 1/2-1/2

[Event "BCF-chT3 0405 (4NCL)"]
[Site "Telford"]
[Date "2005.01.16"]
[Round "4.6"]
[White "Garner, David"]
[Black "Buckley, Melanie"]
[Result "1-0"]
[WhiteElo "2191"]
[BlackElo "2152"]
[PlyCount "85"]
[EventDate "2004.11.06"]
[EventType "team"]
[EventRounds "11"]
[EventCountry "ENG"]
[SourceTitle "EXT 2006"]
[Source "ChessBase"]
[SourceDate "2005.11.24"]
[SourceVersion "1"]
[SourceVersionDate "2005.11.24"]
[SourceQuality "1"]
[WhiteTeam "Cambridge"]
[BlackTeam "Oxford"]
[WhiteTeamCountry "ENG"]
[BlackTeamCountry "ENG"]

1. e4 e6 2. d4 d5 3. Nd2 Be7 4. Ngf3 Nf6 5. Bd3 c5 6. exd5 Qxd5 7. dxc5 Bxc5 8. Nb3 Be7 9. 0-0 Nbd7 10. Qe2 a6 11. Bg5 h6 12. Bh4 Nc5 13. Nxc5 Qxc5 14. Rfd1 Bd7 15. Ne5 Bc6 16. a3 0-0 17. c4 a5 18. Rd2 Rfd8 19. Nxc6 bxc6 20. Rad1 Kf8 21. Bg3 Qb6 22. Be5 Nd7 23. Bc3 Bg5 24. Rc2 Nc5 25. g3 Nxd3 26. Rxd3 Rxd3 27. Qxd3 Rd8 28. Qe2 Rd7 29. h4 Be7 30. Rd2 Rxd2 31. Qxd2 a4 32. Qd7 Bc5 33. Qc8+ Ke7 34. Bxg7 Bxf2+ 35. Kg2 f5 36. Qf8+ Kd7 37. Be5 Bc5 38. Qxh6 Be7 39. h5 Qb3 40. Qd2+ Ke8 41. Qe2 c5 42. h6 Bg5 43. Qh5+ 1-0

[Event "Olympiad Women-36"]
[Site "Mallorca"]
[Date "2004.10.26"]
[Round "11.3"]
[White "Enhjargal, Enhbaatar"]
[Black "Buckley, Melanie"]
[Result "0-1"]
[WhiteElo "2163"]
[BlackElo "2147"]
[PlyCount "106"]
[EventDate "2004.10.15"]
[EventType "team-swiss"]
[EventRounds "14"]
[EventCountry "ESP"]
[SourceTitle "CBM 102 Extra"]
[Source "ChessBase"]
[SourceDate "2004.11.03"]
[SourceVersion "1"]
[SourceVersionDate "2004.11.03"]
[SourceQuality "1"]
[WhiteTeam "Mongolia (W)"]
[BlackTeam "England (W)"]
[WhiteTeamCountry "MGL"]
[BlackTeamCountry "ENG"]

1. d4 Nf6 2. c4 e6 3. Nf3 d5 4. Bg5 Bb4+ 5. Nc3 dxc4 6. e3 0-0 7. Bxc4 a6 8. 0-0 Be7 9. Rc1 b5 10. Bd3 Nbd7 11. e4 c5 12. e5 Nd5 13. Bxe7 Qxe7 14. Bb1 c4 15. Qc2 g6 16. Qd2 Kg7 17. Rfe1 Bb7 18. Ne4 Rad8 19. Nd6 N7b6 20. Re4 h6 21. Rh4 Rh8 22. Rg4 Nc8 23. Ne4 h5 24. Rg5 h4 25. h3 Rh6 26. Nh2 f5 27. exf6+ Nxf6 28. Nxf6 Qxf6 29. Ng4 Rxd4 30. Nxf6 Rxd2 31. Ng4 Ne7 32. Nxh6 Kxh6 33. Rc5 Nd5 34. b3 Nf4 35. Re1 Nxg2 36. Rf1 Nf4 37. bxc4 Nxh3+ 38. Kh2 Nxf2 39. Rc7 Nd3+ 40. Kg1 Rg2+ 41. Kh1 Nf2+ 42. Rxf2 Rxf2+ 43. Rxb7 Rf1+ 44. Kg2 Rxb1 45. cxb5 axb5 46. Kh3 Kg5 47. Rb6 Kh5 48. Rxe6 g5 49. Re5 Rb2 50. Rc5 b4 51. Rb5 Rxa2 52. Rxb4 g4+ 53. Rxg4 Ra3+ 0-1

[Event "Olympiad Women-36"]
[Site "Mallorca"]
[Date "2004.10.23"]
[Round "8.3"]
[White "Batyte, Daiva"]
[Black "Buckley, Melanie"]
[Result "1-0"]
[WhiteElo "2130"]
[BlackElo "2147"]
[PlyCount "207"]
[EventDate "2004.10.15"]
[EventType "team-swiss"]
[EventRounds "14"]
[EventCountry "ESP"]
[SourceTitle "CBM 102 Extra"]
[Source "ChessBase"]
[SourceDate "2004.11.03"]
[SourceVersion "1"]
[SourceVersionDate "2004.11.03"]
[SourceQuality "1"]
[WhiteTeam "Lithuania (W)"]
[BlackTeam "England (W)"]
[WhiteTeamCountry "LTU"]
[BlackTeamCountry "ENG"]

1. e4 e6 2. d4 d5 3. exd5 exd5 4. Bd3 c5 5. Qe2+ Be7 6. dxc5 Nf6 7. Nf3 0-0 8. 0-0 Bxc5 9. Bg5 Nc6 10. h3 Qd6 11. Nc3 Re8 12. Qd2 Ne4 13. Bxe4 dxe4 14. Qxd6 Bxd6 15. Nd2 Bf5 16. Nc4 Be5 17. Nxe5 Rxe5 18. Bf4 Ree8 19. Rad1 Rad8 20. Nb5 e3 21. Bxe3 Bxc2 22. Rxd8 Rxd8 23. Nxa7 Nxa7 24. Bxa7 Ra8 25. Rc1 Bf5 26. Bd4 h6 27. a3 Rd8 28. Bc3 Re8 29. a4 Bd7 30. a5 Bb5 31. Rd1 Rc8 32. Rd5 Ba6 33. Rd4 Kh7 34. Rd7 Kg6 35. h4 h5 36. Rd5 f6 37. Rd7 Rc6 38. Re7 b6 39. axb6 Rxb6 40. b4 Rb7 41. Re3 Kf5 42. f3 Kg6 43. g4 Bc4 44. Kf2 Rd7 45. Re4 Bb5 46. Bd4 Bd3 47. Rf4 Re7 48. Be3 hxg4 49. Rd4 Bb1 50. Rxg4+ Kf7 51. b5 Bf5 52. Rb4 Bc8 53. b6 Bb7 54. h5 g6 55. hxg6+ Kxg6 56. Bf4 Rd7 57. Bc7 Rd3 58. f4 Ra3 59. Rd4 Rb3 60. Ke2 Kf5 61. Kd2 Be4 62. Rc4 Rb2+ 63. Ke3 Rb3+ 64. Kd4 Bb7 65. Ra4 Ke6 66. Ra7 Bf3 67. Bd8 Kf5 68. Bc7 Ke6 69. Ra1 Kd7 70. Re1 Bb7 71. Kc4 Rb2 72. Rd1+ Ke6 73. Rd6+ Kf5 74. Rd1 Ke6 75. Rc1 Bf3 76. Kc5 Bb7 77. Bd8 Kf5 78. Kd6 Kxf4 79. Kc7 Be4 80. Bxf6 Rb3 81. Be7 Ke3 82. Bc5+ Kd2 83. Rc4 Bf3 84. Rf4 Bh1 85. Bb4+ Ke3 86. Rh4 Bg2 87. b7 Bxb7 88. Kxb7 Rd3 89. Kc6 Rd8 90. Bd6 Rc8+ 91. Kd5 Rd8 92. Rh3+ Ke2 93. Ke5 Re8+ 94. Kf4 Re6 95. Be5 Ra6 96. Ke4 Kf2 97. Rh2+ Kg1 98. Rc2 Ra4+ 99. Bd4+ Kh1 100. Rd2 Ra3 101. Be3 Ra8 102. Kf3 Ra3 103. Rd1+ Kh2 104. Rd5 1-0

[Event "BCF-ch"]
[Site "Edinburgh"]
[Date "2003.07.24"]
[Round "10"]
[White "Vujatovic, Rajko"]
[Black "Buckley, Melanie"]
[Result "0-1"]
[WhiteElo "2265"]
[BlackElo "2130"]
[PlyCount "74"]
[EventDate "2003.07.14"]
[EventType "swiss"]
[EventRounds "11"]
[EventCountry "SCO"]
[SourceTitle "CBM 095 Extra"]
[Source "ChessBase"]
[SourceDate "2003.09.04"]
[SourceVersion "1"]
[SourceVersionDate "2003.09.04"]
[SourceQuality "1"]

1. d4 Nf6 2. c4 e6 3. Nc3 Bb4 4. Qc2 b6 5. e4 Bb7 6. Bd3 Bxc3+ 7. bxc3 d6 8. f4 c5 9. Nf3 Nfd7 10. 0-0 h6 11. Be3 Na6 12. Qf2 Nf6 13. e5 Ng4 14. Qe2 Nxe3 15. Qxe3 0-0 16. Rad1 Rc8 17. Bb1 cxd4 18. Qd3 g6 19. cxd4 d5 20. c5 bxc5 21. Qd2 Kh7 22. Ng5+ Kg7 23. Rf3 cxd4 24. Bxg6 hxg5 25. fxg5 fxg6 26. Rf6 Rxf6 27. exf6+ Kf7 28. h4 Qb6 29. h5 d3+ 30. Kh2 Rh8 31. g4 Qc7+ 32. Kh3 d4 33. Rb1 Be4 34. Rc1 Qd6 35. Qb2 gxh5 36. Qb7+ Bxb7 37. g6+ Kxg6 0-1

[Event "BCF-ch"]
[Site "Edinburgh"]
[Date "2003.07.23"]
[Round "9"]
[White "Buckley, Melanie"]
[Black "Radovanovic, Jovica"]
[Result "1/2-1/2"]
[WhiteElo "2130"]
[BlackElo "2239"]
[PlyCount "141"]
[EventDate "2003.07.14"]
[EventType "swiss"]
[EventRounds "11"]
[EventCountry "SCO"]
[SourceTitle "CBM 095 Extra"]
[Source "ChessBase"]
[SourceDate "2003.09.04"]
[SourceVersion "1"]
[SourceVersionDate "2003.09.04"]
[SourceQuality "1"]

1. e4 c5 2. Nc3 Nc6 3. g3 g6 4. Bg2 Bg7 5. d3 d6 6. Be3 e6 7. Qd2 Rb8 8. Nge2 Nd4 9. 0-0 Ne7 10. Nd1 0-0 11. Nc1 e5 12. c3 Ne6 13. Ne2 d5 14. Bh6 d4 15. Bxg7 Nxg7 16. f4 f6 17. c4 Nc6 18. Nf2 Qd6 19. h3 a6 20. Ng4 Bxg4 21. hxg4 Ne6 22. g5 fxg5 23. f5 Ng7 24. Qxg5 b5 25. cxb5 axb5 26. g4 c4 27. Rf3 Qf6 28. Qd2 g5 29. Rh3 Rfc8 30. Kf2 cxd3 31. Rxd3 Nd8 32. Rc1 Nf7 33. Ng3 Qa6 34. Bf1 Rxc1 35. Qxc1 Rc8 36. Qd2 h6 37. Ra3 Qb6 38. Bd3 Nd6 39. Rb3 Qc6 40. Kg2 Nge8 41. Qe2 Nc4 42. Kh3 Ned6 43. Nf1 Qc5 44. a3 Kf7 45. Kg2 Rc7 46. Kh1 Na5 47. Rb4 Qc1 48. Qh2 Nxe4 49. Qxe5 Nf2+ 50. Kg1 Nxd3 51. Qe6+ Kf8 52. Rxd4 Qc5 53. Qxh6+ Rg7 54. Qd6+ Qxd6 55. Rxd6 Nxb2 56. Rd8+ Kf7 57. Rb8 Nac4 58. Rxb5 Kf6 59. Ng3 Ra7 60. Ne4+ Ke7 61. Nxg5 Rxa3 62. Kh2 Re3 63. Rb7+ Kf6 64. Nh7+ Ke5 65. f6 Rf3 66. f7 Ne3 67. f8Q Nxg4+ 68. Kg2 Rxf8 69. Nxf8 Ne3+ 70. Kf3 Nec4 71. Ke2 1/2-1/2

[Event "BCF-ch"]
[Site "Edinburgh"]
[Date "2003.07.18"]
[Round "5"]
[White "Buckley, Melanie"]
[Black "Karavade, Eesha"]
[Result "1/2-1/2"]
[WhiteElo "2130"]
[BlackElo "2218"]
[PlyCount "102"]
[EventDate "2003.07.14"]
[EventType "swiss"]
[EventRounds "11"]
[EventCountry "SCO"]
[SourceTitle "CBM 095 Extra"]
[Source "ChessBase"]
[SourceDate "2003.09.04"]
[SourceVersion "1"]
[SourceVersionDate "2003.09.04"]
[SourceQuality "1"]

1. e4 c5 2. Nc3 d6 3. g3 Nc6 4. Bg2 g6 5. d3 Bg7 6. Be3 e6 7. Qd2 Rb8 8. Nge2 Nd4 9. 0-0 Ne7 10. Nd1 0-0 11. Nc1 b6 12. c3 Ndc6 13. Bh6 a5 14. Bxg7 Kxg7 15. Ne3 e5 16. Ne2 f6 17. f4 Ba6 18. Rf2 Qd7 19. Raf1 b5 20. h4 b4 21. c4 h6 22. Kh2 Bc8 23. Ng1 Qc7 24. Bh3 Bxh3 25. Nxh3 Nd4 26. f5 gxf5 27. exf5 Qd7 28. Ng1 d5 29. cxd5 Nxd5 30. Ne2 Nxe3 31. Qxe3 Qd5 32. Nxd4 Qxd4 33. Qe2 Kh7 34. Rc1 Rg8 35. Rc4 Qd6 36. Qe3 Rbd8 37. Rg2 Qxd3 38. Qxd3 Rxd3 39. Rxc5 a4 40. Rc6 Rf8 41. Ra6 a3 42. Rb6 Rd4 43. bxa3 bxa3 44. Rb3 Ra8 45. Rb7+ Kg8 46. Rc2 Rad8 47. Rcc7 Rd2+ 48. Kh3 Rxa2 49. Kg4 Rg2 50. Rg7+ Kf8 51. Rgf7+ Kg8 1/2-1/2

[Event "Smith & Williamson YM 13th"]
[Site "Millfield"]
[Date "2003.07.16"]
[Round "8"]
[White "Nixon, Thomas CM"]
[Black "Buckley, Melanie"]
[Result "1/2-1/2"]
[WhiteElo "2226"]
[BlackElo "2130"]
[PlyCount "41"]
[EventDate "2003.07.09"]
[EventType "swiss"]
[EventRounds "9"]
[EventCountry "ENG"]
[SourceTitle "CBM 095 Extra"]
[Source "ChessBase"]
[SourceDate "2003.09.04"]
[SourceVersion "1"]
[SourceVersionDate "2003.09.04"]
[SourceQuality "1"]

1. d4 Nf6 2. c4 e6 3. Nf3 d5 4. Nc3 dxc4 5. e4 Bb4 6. Bg5 c5 7. e5 cxd4 8. exf6 gxf6 9. Bh4 Nc6 10. Nxd4 Nxd4 11. Bxc4 Be7 12. 0-0 a6 13. Qg4 Nf5 14. Rfd1 Bd7 15. Bg3 Nxg3 16. Qxg3 Qa5 17. Qg7 Rf8 18. Qxh7 0-0-0 19. Qc2 Bc6 20. Ne4 f5 21. b4 1/2-1/2

[Event "BCF-ch"]
[Site "Edinburgh"]
[Date "2003.07.14"]
[Round "1"]
[White "Buckley, Melanie"]
[Black "Broomfield, Matthew"]
[Result "1/2-1/2"]
[WhiteElo "2130"]
[BlackElo "2249"]
[PlyCount "88"]
[EventDate "2003.07.14"]
[EventType "swiss"]
[EventRounds "11"]
[EventCountry "SCO"]
[SourceTitle "CBM 095 Extra"]
[Source "ChessBase"]
[SourceDate "2003.09.04"]
[SourceVersion "1"]
[SourceVersionDate "2003.09.04"]
[SourceQuality "1"]

1. e4 c5 2. Nc3 Nc6 3. g3 g6 4. Bg2 Bg7 5. d3 Rb8 6. Be3 d6 7. Qd2 b5 8. Nge2 Nd4 9. 0-0 b4 10. Nd1 a5 11. Nc1 a4 12. c3 Nc6 13. Ne2 a3 14. bxa3 bxc3 15. Ndxc3 Nd4 16. Rab1 Ba6 17. Bxd4 cxd4 18. Nd5 e6 19. Rxb8 Qxb8 20. Nb4 Bc8 21. Rc1 Ne7 22. Qg5 Bd7 23. Qa5 0-0 24. Rc7 Rd8 25. Rb7 Qc8 26. Rc7 Qb8 27. Rb7 Qc8 28. Qa7 Nc6 29. Nxc6 Qxc6 30. Rc7 Qa4 31. Bf1 Ra8 32. Qb7 Be8 33. Rc8 Rxc8 34. Qxc8 Kf8 35. Qc1 Bf6 36. Qb2 Bb5 37. Nf4 Bd8 38. Qb4 Ke7 39. Ne2 Bb6 40. Kg2 Qxb4 41. axb4 Bxd3 42. f3 f5 43. Nc1 Bc2 44. Bd3 Ba4 1/2-1/2

[Event "BCF-chT 0203 (4NCL)"]
[Site "West Bromwich"]
[Date "2002.11.23"]
[Round "1.8"]
[White "Buckley, Melanie"]
[Black "Bensdorp, Marlies"]
[Result "0-1"]
[WhiteElo "2145"]
[BlackElo "2159"]
[PlyCount "98"]
[EventDate "2002.11.??"]
[EventType "team"]
[EventRounds "11"]
[EventCountry "ENG"]
[SourceTitle "EXT 2004"]
[Source "ChessBase"]
[SourceDate "2003.11.25"]
[SourceVersion "1"]
[SourceVersionDate "2003.11.25"]
[SourceQuality "1"]
[WhiteTeam "Bristol"]
[BlackTeam "PYO"]
[WhiteTeamCountry "ENG"]
[BlackTeamCountry "ENG"]

1. e4 e6 2. d4 d5 3. Nd2 Nf6 4. e5 Nfd7 5. c3 c5 6. Bd3 Nc6 7. Ne2 cxd4 8. cxd4 f6 9. exf6 Nxf6 10. 0-0 Bd6 11. Nf3 Qc7 12. Bg5 0-0 13. Rc1 Bd7 14. Ng3 h6 15. Bxf6 Rxf6 16. Bb1 Be8 17. Nh4 Rd8 18. Qd3 g5 19. Nf3 Bg6 20. Qc3 Bxb1 21. Rxb1 Rdf8 22. Qe3 Bf4 23. Qe2 Bxg3 24. fxg3 Qb6 25. Kh1 Nxd4 26. Qd3 Nxf3 27. gxf3 Kg7 28. b3 Rc8 29. Kg2 Qa5 30. Rf2 Qc3 31. Rd1 Qxd3 32. Rxd3 Rf7 33. Rfd2 Rfc7 34. Kf2 Kf6 35. Ke3 Rc1 36. f4 gxf4+ 37. Kxf4 e5+ 38. Kg4 d4 39. Kh5 Rf1 40. g4 Kg7 41. Re2 Rc5 42. Re4 b5 43. h4 Rf2 44. g5 hxg5 45. Kxg5 Rxa2 46. Kf5 Rf2+ 47. Ke6 Rf6+ 48. Kd7 Kf7 49. h5 Rcc6 0-1

[Event "BCF-ch 89th"]
[Site "Torquay"]
[Date "2002.08.08"]
[Round "10"]
[White "Buckley, Melanie"]
[Black "Vijayalakshmi, Subbaraman"]
[Result "0-1"]
[WhiteElo "2184"]
[BlackElo "2399"]
[PlyCount "130"]
[EventDate "2002.07.29"]
[EventType "swiss"]
[EventRounds "11"]
[EventCountry "ENG"]
[SourceTitle "CBM 091"]
[Source "ChessBase"]
[SourceDate "2002.11.12"]
[SourceVersion "1"]
[SourceVersionDate "2002.11.12"]
[SourceQuality "1"]

1. e4 e5 2. Bc4 Nf6 3. d3 c6 4. Nf3 Be7 5. 0-0 d6 6. c3 0-0 7. Bb3 Nbd7 8. Nbd2 Qc7 9. d4 Rd8 10. Re1 Nf8 11. Nf1 Ng6 12. Ng3 d5 13. exd5 exd4 14. Nxd4 Nxd5 15. Qf3 Bf6 16. Bxd5 cxd5 17. Nh5 Be5 18. Ng3 Qb6 19. Nb3 Be6 20. Be3 Qb5 21. Qe2 Qxe2 22. Nxe2 Bf6 23. Bd4 Bg5 24. g3 Re8 25. f4 Bd8 26. Nec1 Bc7 27. Nd3 b6 28. Ne5 f6 29. Nxg6 hxg6 30. Re3 Bf5 31. Rae1 Rxe3 32. Rxe3 Kf7 33. Nd2 Bd6 34. Kg2 Rc8 35. h3 Bc5 36. Nb3 Bc2 37. Re2 Bxb3 38. axb3 Bxd4 39. cxd4 Rc1 40. Kf3 b5 41. Ke3 b4 42. Rg2 Ke6 43. Kd2 Rh1 44. Ke3 Rxh3 45. Kf3 Rh1 46. Rc2 Rf1+ 47. Ke3 Kd6 48. Ke2 Rb1 49. Kf2 Rd1 50. Ke3 Re1+ 51. Kf2 Re4 52. Rd2 g5 53. fxg5 fxg5 54. Kf3 g4+ 55. Kf2 Kc6 56. Rd3 a5 57. Rd2 Kb5 58. Rd1 a4 59. bxa4+ Kxa4 60. Rd3 g6 61. Kf1 b3 62. Kf2 Kb4 63. Kf1 Re7 64. Kf2 Rc7 65. Ke3 Rc2 0-1

[Event "BCF-ch 89th"]
[Site "Torquay"]
[Date "2002.08.02"]
[Round "5"]
[White "Trent, Lawrence"]
[Black "Buckley, Melanie"]
[Result "1-0"]
[WhiteElo "2246"]
[BlackElo "2184"]
[PlyCount "45"]
[EventDate "2002.07.29"]
[EventType "swiss"]
[EventRounds "11"]
[EventCountry "ENG"]
[SourceTitle "CBM 091"]
[Source "ChessBase"]
[SourceDate "2002.11.12"]
[SourceVersion "1"]
[SourceVersionDate "2002.11.12"]
[SourceQuality "1"]

1. f4 d5 2. b3 c5 3. Bb2 Nc6 4. Nf3 Nf6 5. e3 Bg4 6. Bb5 h5 7. 0-0 e6 8. h3 Bxf3 9. Qxf3 h4 10. c4 Qd7 11. Nc3 Be7 12. cxd5 Nxd5 13. Nxd5 exd5 14. Rac1 Rc8 15. Kh1 a6 16. Bd3 Kf8 17. Bb1 b6 18. d4 cxd4 19. e4 Bf6 20. exd5 Ne7 21. d6 Nf5 22. Rxc8+ Qxc8 23. Bxf5 1-0

[Event "BCF-ch 89th"]
[Site "Torquay"]
[Date "2002.08.01"]
[Round "4"]
[White "Buckley, Melanie"]
[Black "Webb, Laurence"]
[Result "0-1"]
[WhiteElo "2184"]
[BlackElo "2262"]
[PlyCount "84"]
[EventDate "2002.07.29"]
[EventType "swiss"]
[EventRounds "11"]
[EventCountry "ENG"]
[SourceTitle "CBM 091"]
[Source "ChessBase"]
[SourceDate "2002.11.12"]
[SourceVersion "1"]
[SourceVersionDate "2002.11.12"]
[SourceQuality "1"]

1. d4 Nf6 2. Bg5 e6 3. e4 h6 4. Bxf6 Qxf6 5. c3 d6 6. Bd3 g6 7. Ne2 Bg7 8. 0-0 c5 9. Na3 cxd4 10. cxd4 0-0 11. f4 Nc6 12. Nc2 Qe7 13. f5 Bd7 14. Kh1 Rae8 15. Rf2 exf5 16. exf5 gxf5 17. Qf1 Qg5 18. Rd1 Ne7 19. Ng3 Be6 20. d5 Bc8 21. Bxf5 Nxf5 22. Nxf5 Be5 23. Nce3 Qh5 24. g4 Qg6 25. Qh3 Kh7 26. Nc4 b5 27. Nxe5 Rxe5 28. Rdf1 Bb7 29. Nxh6 Bxd5+ 30. Kg1 Qxh6 31. Qd3+ Qg6 32. Qh3+ Qh6 33. Qd3+ f5 34. Rxf5 Rfxf5 35. Rxf5 Qg6 36. Qh3+ Kg7 37. Rxe5 dxe5 38. Qg3 Qb1+ 39. Kf2 Qxb2+ 40. Ke1 Qc1+ 41. Ke2 Qc2+ 42. Ke1 Qe4+ 0-1

[Event "BCF-ch 89th"]
[Site "Torquay"]
[Date "2002.07.30"]
[Round "2"]
[White "Buckley, Melanie"]
[Black "Collins, Sam E"]
[Result "1/2-1/2"]
[WhiteElo "2184"]
[BlackElo "2313"]
[PlyCount "181"]
[EventDate "2002.07.29"]
[EventType "swiss"]
[EventRounds "11"]
[EventCountry "ENG"]
[SourceTitle "CBM 091"]
[Source "ChessBase"]
[SourceDate "2002.11.12"]
[SourceVersion "1"]
[SourceVersionDate "2002.11.12"]
[SourceQuality "1"]

1. e4 c5 2. Nc3 e6 3. g3 d5 4. exd5 exd5 5. Bg2 Nf6 6. d3 d4 7. Ne4 Nxe4 8. Bxe4 Nd7 9. Ne2 Nf6 10. Bg2 Bd6 11. 0-0 0-0 12. Bf4 Bg4 13. Bxd6 Qxd6 14. Qd2 Rae8 15. Rae1 Bxe2 16. Rxe2 Rxe2 17. Qxe2 Re8 18. Qd2 b6 19. Re1 Rxe1+ 20. Qxe1 Qe6 21. Qxe6 fxe6 22. f4 Kf7 23. Bf3 Ne8 24. Kf2 Kf6 25. Be4 h6 26. Kf3 Nd6 27. h3 a5 28. a4 b5 29. b3 e5 30. Bc6 b4 31. Be4 exf4 32. Kxf4 g5+ 33. Kf3 Ke5 34. Bg6 Kf6 35. Be4 Ke5 36. Bg6 Nc8 37. Kg4 Ne7 38. Be4 Ng8 39. Bb7 Nf6+ 40. Kf3 h5 41. g4 h4 42. Bc6 Ng8 43. Bb7 Ne7 44. Be4 Nc8 45. Bb7 Nd6 46. Bc6 Nf7 47. Be4 Nd8 48. Bf5 Nc6 49. Bh7 Nb8 50. Bf5 Na6 51. Bh7 Nc7 52. Bg8 Ne8 53. Bc4 Nf6 54. Bf7 Nd7 55. Bg6 Nb6 56. Be4 Kd6 57. Bb7 Kc7 58. Be4 Nd7 59. Bf5 Nf6 60. Be6 Kd6 61. Bc4 Ke7 62. Ke2 Nd7 63. Kf3 Ne5+ 64. Ke4 Kf6 65. Kd5 Ng6 66. Kxc5 Ke5 67. Bd5 Nf4 68. Bb7 Nxh3 69. Kb5 Kd6 70. Kxa5 Kc7 71. Bf3 Nf2 72. Kxb4 h3 73. Kc5 h2 74. Kxd4 Nxg4 75. b4 Nf2 76. Ke3 g4 77. Bg2 h1Q 78. Bxh1 Nxh1 79. Kf4 Nf2 80. Kg3 Nd1 81. Kxg4 Ne3+ 82. Kf4 Nxc2 83. b5 Kd6 84. Ke4 Kc5 85. Ke5 Nd4 86. Kf6 Ne2 87. Ke5 Nc3 88. d4+ Kb6 89. d5 Nxa4 90. d6 Nc5 91. Kd5 1/2-1/2

[Event "EU-ch U20 Girls"]
[Site "Baku"]
[Date "2002.07.??"]
[Round "9"]
[White "Buckley, Melanie"]
[Black "Khudaverdieva, Afag"]
[Result "1/2-1/2"]
[WhiteElo "2184"]
[BlackElo "2043"]
[PlyCount "82"]
[EventDate "2002.07.14"]
[EventType "swiss"]
[EventRounds "11"]
[EventCountry "AZE"]
[SourceTitle "CBM 089 Extra"]
[Source "ChessBase"]
[SourceDate "2002.09.10"]
[SourceVersion "2"]
[SourceVersionDate "2002.09.10"]
[SourceQuality "1"]

1. e4 e6 2. d4 d5 3. Nd2 Nf6 4. e5 Nfd7 5. c3 c5 6. Bd3 Nc6 7. Ne2 cxd4 8. cxd4 Qb6 9. Nf3 f6 10. exf6 Nxf6 11. 0-0 Bd6 12. b3 0-0 13. Bf4 Bxf4 14. Nxf4 Bd7 15. Rc1 Rae8 16. Bb1 Ne4 17. Nh5 Kh8 18. Ng3 Nxg3 19. hxg3 e5 20. dxe5 Nxe5 21. Nxe5 Rxe5 22. Qc2 Qh6 23. Qc5 Rfe8 24. Bd3 Bc6 25. Qd4 Rh5 26. f4 Rh1+ 27. Kf2 Rxf1+ 28. Rxf1 Bd7 29. Re1 Rxe1 30. Kxe1 Qe6+ 31. Kf2 a6 32. Be2 Kg8 33. Bf3 Bc6 34. Qe5 Qd7 35. Ke3 Qd8 36. Qd4 Qe7+ 37. Qe5 Qc5+ 38. Qd4 Qc1+ 39. Kf2 Qc2+ 40. Kg1 Qb1+ 41. Kh2 Qf5 1/2-1/2

[Event "BCF-chT 0102 (4NCL)"]
[Site "Birmingham"]
[Date "2002.05.04"]
[Round "9.8"]
[White "Norman, Dinah M"]
[Black "Buckley, Melanie"]
[Result "0-1"]
[WhiteElo "2032"]
[BlackElo "2150"]
[PlyCount "54"]
[EventDate "2001.09.22"]
[EventType "team"]
[EventRounds "11"]
[EventCountry "ENG"]
[SourceTitle "CBM 084 Extra"]
[Source "ChessBase"]
[SourceDate "2001.10.26"]
[SourceVersion "1"]
[SourceVersionDate "2001.10.26"]
[SourceQuality "1"]
[WhiteTeam "Guildford"]
[BlackTeam "Bristol"]
[WhiteTeamCountry "ENG"]
[BlackTeamCountry "ENG"]

1. d4 Nf6 2. Nf3 e6 3. Bg5 h6 4. Bxf6 Qxf6 5. e3 d5 6. Bd3 c5 7. c3 Nc6 8. Nbd2 Bd6 9. dxc5 Bxc5 10. 0-0 0-0 11. Qe2 Bb6 12. Rad1 e5 13. e4 d4 14. c4 Bg4 15. a3 a5 16. Rc1 Bc5 17. Qd1 Nd8 18. Qc2 Ne6 19. Ne1 Nf4 20. Ndf3 Rfd8 21. Rb1 a4 22. Rc1 Rd6 23. Qd2 Rb6 24. Rc2 Rb3 25. Kh1 Bxf3 26. gxf3 Nxd3 27. Nxd3 Qxf3+ 0-1